00354 2200145 4500001002100000005001500021035002000036245005200056100001900108300001200127260003500139082000800174084001400182990001200196INLIS00000000000234320250528102546 a0010-05250006351 aFine Things ( Yang Terindah ) /cDanielle Steel0 aDanielle Steel a440 hlm aJakarta :bPT. Gramedia,c2004 a813 a813 DAN f a0712643